00599nam a22001937a 450000500170000001000150001702000260003202000230005803500130008103700130009408200160010710000220012324501170014526000380026227000410030030000240034165000220036565000180038720100821151833.0 aENG-101168 a9780071067232c300.00 a007106723Xc300.00 aEN-84701 bDBAD/PUB a332.6322092 aRittenhouse, L.J. aBuffett's bites :bthe essential investor's guide to warren buffett's shareholder letters /cby L.J.Rittenhouse aNew DelhibTata McGraw Hillc2010 a7 West Patel NagarbNew Delhie10008 ax,214p.c17cm (pbk) aInvestment stocks aBuffet warren